Statistics for Geography Multiple Choice

Click here to take the quiz!

General Stats

  • This quiz has been taken 102 times
  • The average score is 5 of 10

Answer Stats

QuestionAnswer% Correct
Which country is Rome the capital of?Italy
97%
Which country borders only one otherAll of them
67%
Which country begins with an unique letter?Oman
53%
In which UK country is the town of HexhamEngland
49%
What is the least populated US State?Wyoming
45%
Which UK county is Runcorn in?Cheshire
43%
Where in Europe is the city of Limoges?France
41%
In which US State is the town of Nothing?Arizona
25%
In which country is the City of Novi Sad?Romania
21%
Which country governs the region of HeligolandGermany
13%

Score Distribution

Percentile by Number Answered

Percent of People with Each Score

Your Score History

You have not taken this quiz